000 01302nam0a22003131 4500
001 rc\3919244
005 20260407140200.0
021 _aRU
_b[47-13250]
035 _a(NLR Aleph) 008024567
090 _a8782310
_c8782310
100 _a20130415d1947 |||y0rusy50 ca
101 0 _arus
102 _aRU
105 _ay z |||||
200 1 _aБеседы об Уставе ВКП(б)
_e(Сборник статей, опубл. в газ. "Правда")
_fПолит. упр. Балт. флота
210 _aБ. м.
_cТип. "Коммунист" в Таллине
_d[1947]
215 _a63 с.
_d19
225 1 _aВ помощь молодому коммунисту
300 _aАвт. указаны в конце статей.: Г. Броварский, Л. Слепов
601 0 2 _aВКП(б)
_jУстав
_2psbo
601 0 2 _aВКП(б)
_xОрганизационные вопросы
_2psbo
700 1 _aБроварский
_bГ.Б.
_gГерман Борисович
701 1 _aСлепов
_bЛ.А.
_gЛазарь Андреевич
712 0 2 _aБалтийский флот
_bПолитическое управление
_3RU\NLR\AUTH\8810005574
_9508529
801 0 _aRU
_bNLR
_gpsbo
801 1 _aRU
_bELAR
_2rusmarc
852 _aNLR
_jИп10 Г-4/321
942 _cBOOK
980 _aNB